| 000 | 00424 a2200145 4500 | ||
|---|---|---|---|
| 005 | 20250627163404.0 | ||
| 020 | _a0-13-600071-1 | ||
| 082 | _a658.322 MAR | ||
| 100 | _aMARTOCCHIO, J. J. | ||
| 245 | _aStrategic Compensation: A Human Resouces Management Approach. | ||
| 250 | _a5th Ed. | ||
| 260 |
_aNew Jersey, _bPrentice Hall, _c2009. |
||
| 300 |
_axxv, 441p.: ill.; figure, table _bGlossary & Index _c26cm |
||
| 942 |
_2ddc _cBKS |
||
| 999 |
_c5755 _d5755 |
||